| 000 | 00351nam a22001457a 4500 | ||
|---|---|---|---|
| 020 | _a819366105-2 | ||
| 082 |
_a894.812.3 _bHEM/K |
||
| 100 | _aHEMINGWAY, EARNEST | ||
| 245 |
_aTHE OLDMAN AND THE SEA _bKIXHAVANUM KADALUM |
||
| 260 |
_aKUNNAMKULAM _bRED ROSE PUBLISHING HOUSE _c2017 |
||
| 300 | _a96 | ||
| 520 | _aNOVEL | ||
| 650 | _aNOVEL | ||
| 942 | _cBK | ||
| 999 |
_c4929 _d4929 |
||